| 000 | 00724nam a2200193 a 4500 | ||
|---|---|---|---|
| 001 | 000035623 | ||
| 005 | 20200930074500.0 | ||
| 008 | 111105s2007 bl a 000 0 spa d | ||
| 020 | _a9788533305373 | ||
| 040 |
_aDO-SdBNP _bspa _cBNPHU |
||
| 082 |
_axxxx _bV726v |
||
| 100 | 1 |
_aVillas Bôas, Glaucia _961529 |
|
| 245 | 1 | 0 |
_aA vocacao das ciencias sociais no Brasil : _bUm estudo da sua produção em livros do acervo da Biblioteca Nacional 1945-1966 / _cGlaucia Villas Bôas. |
| 260 |
_aRio de Janeiro, Brasil : _bMiníterio da cultura, Fundação Biblioteca Nacional, _c2007. |
||
| 300 |
_a303 p. : _bil. ; _c23 cm. |
||
| 490 | 1 |
_aRodolfo Garcia _v32 |
|
| 590 | _aInventariado, 2019/BT | ||
| 830 | 0 |
_aRodolfo Garcia _n32 _961530 |
|
| 999 |
_c35114 _d35114 |
||